000 00504nam a2200205 a 4500
001 19158
003 CO-ViMGA
008 141112s2004 ck r 000 u spa d
020 _a8426313124
040 _aCO-ViMGA
_bspa
_cCO-ViMGA
082 0 4 _aMURl
100 1 _aMurciano, Carlos
245 1 0 _aLun
260 _aZaragosa :
_bEdelvives; 1987
300 _a63 p.
490 _aAla delta
590 _aForma de adquisición : Premio Mincultura
650 1 4 _aCUENTOS INFANTILES
_92743
942 _2ddc
_cBK
999 _c28321
_d28321